Fr. Conceicao Rodrigues College of Engineering

How to run a lathe. (Record no. 28971)

MARC details
000 -LEADER
fixed length control field 00266nam a2200133Ia 4500
082 ## - DEWEY DECIMAL CLASSIFICATION NUMBER
Classification number 621.942
100 ## - MAIN ENTRY--PERSONAL NAME
Personal name Abbey S.
245 ## - TITLE STATEMENT
Title How to run a lathe.
260 ## - PUBLICATION, DISTRIBUTION, ETC.
Name of publisher, distributor, etc. South bend lathe
Date of publication, distribution, etc. 2001
300 ## - PHYSICAL DESCRIPTION
Extent 128
546 ## - LANGUAGE NOTE
Language note ENGLISH
654 ## - SUBJECT ADDED ENTRY--FACETED TOPICAL TERMS
Focus term Lathe.
942 ## - ADDED ENTRY ELEMENTS (KOHA)
Koha item type BOOK
Holdings
Withdrawn status Lost status Damaged status Not for loan Collection Home library Current library Date acquired Cost, normal purchase price Inventory number Total Checkouts Full call number Barcode Date last seen Cost, replacement price Price effective from Koha item type
        AFT Fr. Agnel's C.Rodrigues College of Engineering Fr. Agnel's C.Rodrigues College of Engineering 17/03/2023 7.50 1044   621.942 AFT696 17/03/2023 7.50 17/03/2023 BOOK